000 00675nam a2200241 i 4500
001 C2-0174204
003 PPAK
005 20180728094355.0
008 980915s1964 my a|||| ||||| | may d
040 _aPPAK
_beng
_cPPAK
_erda
082 0 4 _a398.22
_2 23
090 0 0 _a398.22
_bHIK
_dKAM
090 0 0 _a398.22
_bHIK
_dKWI
245 0 0 _aHikayat Hang Tuah
264 1 _aKuala Lumpur :
_bDewan Bahasa dan Pustaka ,
_c1964
300 _axix,523 pages :
_billustrations ;
_c22 cm
336 _2rdacontent
_atext
337 _2rdamedia
_aunmediated
338 _2rdacarrier
_avolume
650 1 0 _aFolk Literature, Malay
700 0 _aKassim Ahmad,
_ecompile
942 _ddc
_cB
999 _c155252
_d155252